<?xml version="1.0" encoding="UTF-8"?>
<collection xmlns:xsi="http://www.w3.org/2001/XMLSchema-instance" xsi:schemaLocation="http://www.loc.gov/MARC21/slim http://www.loc.gov/standards/marcxml/schema/MARC21slim.xsd" xmlns="http://www.loc.gov/MARC21/slim">
 <record>
  <leader>00000ctm a2200000 i 4500</leader>
  <controlfield tag="001">UP-99796217612684560</controlfield>
  <controlfield tag="003">Buklod</controlfield>
  <controlfield tag="005">20230113111335.0</controlfield>
  <controlfield tag="006">m     o  j        </controlfield>
  <controlfield tag="007">ta</controlfield>
  <controlfield tag="008">230113s2016    xx      r    |||| u|    |</controlfield>
  <datafield tag="035" ind1=" " ind2=" ">
   <subfield code="a">(iLib)UPD-00360913715</subfield>
  </datafield>
  <datafield tag="040" ind1=" " ind2=" ">
   <subfield code="a">DLS</subfield>
   <subfield code="e">rda</subfield>
  </datafield>
  <datafield tag="041" ind1="0" ind2=" ">
   <subfield code="a">eng</subfield>
  </datafield>
  <datafield tag="042" ind1=" " ind2=" ">
   <subfield code="a">DMLUC</subfield>
  </datafield>
  <datafield tag="090" ind1=" " ind2=" ">
   <subfield code="a">LG 993.5 2016 L4</subfield>
   <subfield code="b">E53</subfield>
  </datafield>
  <datafield tag="100" ind1="1" ind2=" ">
   <subfield code="a">Enage, Amber Elaine V.</subfield>
   <subfield code="e">author.</subfield>
  </datafield>
  <datafield tag="245" ind1="1" ind2="2">
   <subfield code="a">Records management practices for the collection of audio broadcast recordings of AM radio stations in Metro Manila</subfield>
   <subfield code="b">an exploratory study</subfield>
   <subfield code="c">Amber Elaine V. Enage; Eimee Rhea C. Lagrama, adviser.</subfield>
  </datafield>
  <datafield tag="264" ind1=" " ind2="1">
   <subfield code="a">Quezon City : School of Library and Information Studies, University of the Philippines Diliman</subfield>
   <subfield code="c">2016.</subfield>
  </datafield>
  <datafield tag="300" ind1=" " ind2=" ">
   <subfield code="a">xv, 86 leaves</subfield>
   <subfield code="b">illustrations</subfield>
  </datafield>
  <datafield tag="336" ind1=" " ind2=" ">
   <subfield code="a">text</subfield>
   <subfield code="2">rdacontent</subfield>
  </datafield>
  <datafield tag="337" ind1=" " ind2=" ">
   <subfield code="a">unmediated</subfield>
   <subfield code="2">rdamedia</subfield>
  </datafield>
  <datafield tag="338" ind1=" " ind2=" ">
   <subfield code="a">volume</subfield>
   <subfield code="2">rdacarrier</subfield>
  </datafield>
  <datafield tag="502" ind1=" " ind2=" ">
   <subfield code="a">Thesis (Bachelor of Library and Information Science)--University of the Philippines Diliman</subfield>
   <subfield code="d">July 2016.</subfield>
  </datafield>
  <datafield tag="520" ind1="3" ind2=" ">
   <subfield code="a">Records management practices entirely depend upon the nature of the holdings and the institution, and the competency of the records managers in these institutions. Just like any other institution, radio stations accumulate records daily and are subjected to record management practices. With this, the researcher surveyed the records management practices of two selected AM radio stations: DZAS Agapay ng Sambayanan 720 and Super Radyo DZBB 594. This determined and compared records management procedures of these AM radio broadcasting stations with regard to their collection of recorded broadcasts. An initial study was also performed with DZUP 1602 as the subject institution.</subfield>
  </datafield>
  <datafield tag="520" ind1="3" ind2=" ">
   <subfield code="a">The respondents of the study were staff and personnel that were connected to DZAS Agapay ng Sambayanan 720 and Super Radyo DZBB 594. The researcher interviewed a Production Assistant and 2 Production Technicians from DZAS and also DZBB and DWLS's (GMA Network, Inc.'s flagship AM and FM radio stations) Radio Master/Radio Technician. The collection, from its creation until its storage and disposal, the tools and equipment used for the stations' records management  procedures, the facilities, knowledge of the staff with regards to records management, the stations' financial resources, and the stations' efforts into preserving their collection were explored to meet the objectives of the study.</subfield>
  </datafield>
  <datafield tag="520" ind1="3" ind2=" ">
   <subfield code="a">The following conclusions were drawn from the study: (1) Keeping audio recordings of their broadcasts is standard operating procedure for majority of radio stations; (2) Digital audio production has become common practice among radio stations, producing digital audio in .mp3 formats; (3) Due to the non-existence of standards for records management of recorded audio broadcasts and considering the limited knowledge of the radio stations' staff regarding records management,  these institutions developed their own procedures to ensure the accessibility and usability of their collection; (4) As for budget allocation, the radio stations prioritize broadcasting equipment and maintenance. Not much is allocated for the maintenance of the audio recordings; (5) Being aware of their collection's importance in the growth of the country's heritage, these stations rarely dispose of their audio recordings; and, (6) These radio stations are not fully aware of the myriad procedures that come with the maintenance and preservation of digital audio. Despite this, their practices are sufficient to ensure the longevity of their collection.</subfield>
  </datafield>
  <datafield tag="520" ind1="3" ind2=" ">
   <subfield code="a">With these conclusions, the researcher provides recommendations to help these institutions in the management of their audio recordings collection. This includes the development of a file naming scheme and proper metadata for their digital recordings, maintaining back-ups for their recordings, basic records management training for their staff, and the development of a digital audio preservation plan.</subfield>
  </datafield>
  <datafield tag="520" ind1="3" ind2=" ">
   <subfield code="a">Given the importance of radio broadcasts as an integral aspect in the shaping of a country's national identity, management and preservation of these recordings are crucial. How these audio recordings are managed and preserved within the institutions that create them is a reflection of how the Philippine society and its people value the past and the present depicted by these broadcasts.</subfield>
  </datafield>
  <datafield tag="650" ind1="1" ind2="7">
   <subfield code="a">Records management.</subfield>
  </datafield>
  <datafield tag="650" ind1=" " ind2="0">
   <subfield code="a">Radio stations</subfield>
   <subfield code="z">Metro Manila.</subfield>
  </datafield>
  <datafield tag="700" ind1="1" ind2=" ">
   <subfield code="a">Lagrama, Eimee Rhea C.</subfield>
   <subfield code="e">adviser.</subfield>
  </datafield>
  <datafield tag="842" ind1=" " ind2=" ">
   <subfield code="a">Thesis</subfield>
  </datafield>
  <datafield tag="856" ind1=" " ind2=" ">
   <subfield code="u">https://digitalarchives.upd.edu.ph/item/32821</subfield>
  </datafield>
  <datafield tag="905" ind1=" " ind2=" ">
   <subfield code="a">FI</subfield>
  </datafield>
  <datafield tag="905" ind1=" " ind2=" ">
   <subfield code="a">UP</subfield>
  </datafield>
  <datafield tag="852" ind1="0" ind2=" ">
   <subfield code="a">UPD</subfield>
   <subfield code="b">DLS</subfield>
   <subfield code="h">LG 993.5 2016 L4 E53</subfield>
  </datafield>
  <datafield tag="942" ind1=" " ind2=" ">
   <subfield code="a">Thesis</subfield>
  </datafield>
 </record>
</collection>
